Industrial Buildings : a design manual

Salvato in:
Dettagli Bibliografici
Autore principale: Adam, Jürgen (Autore)
Natura: Libro
Lingua:inglese
Pubblicazione: Basel : Birkhäuser, 2004
Soggetti:
Tags: Aggiungi Tag
Nessun Tag, puoi essere il primo ad aggiungerne!!

MARC

LEADER 00000nam a22000003a 4500
001 stu207337
005 20150617230054.7
008 100713s2004------------------------eng-d
020 |a 3-7643-2175-X 
040 |a STU  |b slo 
041 0 |a eng 
100 1 |a Adam, Jürgen  |4 aut 
245 1 |a Industrial Buildings :  |b a design manual 
260 |a Basel :  |b Birkhäuser,  |c 2004 
300 |a 246 s 
650 7 |a priemyselné stavby  |2 stusub 
650 7 |a stavby priemyselné  |2 stusub 
650 7 |a priemyselné budovy  |2 stusub 
996 |b 284AU04495  |c A*7003 U  |l AAKNST  |s P  |a 0  |w stu207337_0001 
996 |b 284AU05062  |c A*7783 U  |l AAKNAR  |s A  |a 24  |w stu207337_0002